书目信息 |
| 题名: |
政治经济学史
|
|
| 作者: | 卢森贝 , Розенберг 著 ;李侠公 译 | |
| 分册: | 第一卷 | |
| 出版信息: | 北京 三联书店 1959 |
|
| 页数: | 472页 | |
| 开本: | 20cm | |
| 丛书名: | ||
| 单 册: | ||
| 中图分类: | F091.3 , F0 | |
| 科图分类: | ||
| 主题词: | 政治经济学--经济思想史 , 资产阶级政治经济学--经济思想史--近代 , 政治经济学 , 资产阶级政治经济学 , 经济思想史 | |
| 电子资源: | ||
| ISBN: | ||
| 000 | 01035nam0 2200325 450 | |
| 001 | 1554716365 | |
| 005 | 20150118151225.95 | |
| 010 | @dCNY1.70 | |
| 091 | @a4002.265 | |
| 100 | @a19950714e19781959em y0chiy0110 ea | |
| 101 | 1 | @achi@crus |
| 102 | @aCN@b110000 | |
| 105 | @ay z 000yy | |
| 200 | 1 | @a政治经济学史@9zheng zhi jing ji xue shi@h第一卷@f(苏)卢森贝(Д.Розенберг)著@g李侠公译 |
| 210 | @a北京@c三联书店@d1959@h1978重印 | |
| 215 | @a472页@d20cm | |
| 300 | @a书名原文:История политической экономии | |
| 510 | 1 | @aИстория политической экономии@zrus |
| 606 | 0 | @a政治经济学@x经济思想史 |
| 606 | 0 | @a资产阶级政治经济学@x经济思想史@z近代 |
| 606 | 0 | @a政治经济学 |
| 606 | 0 | @a资产阶级政治经济学 |
| 606 | 0 | @a经济思想史 |
| 690 | @aF091.3@v5 | |
| 690 | @aF0@v4 | |
| 701 | 1 | @a卢森贝@9lu sen bei@bД.@4著 |
| 701 | 1 | @aРозенберг@bД.@4著 |
| 702 | 0 | @a李侠公@9li xia gong@4译 |
| 801 | 0 | @aCN@bTSSF@c20150115 |
| 905 | @aZUCC@dF0@eJY111:1 | |
| 政治经济学史.第一卷/(苏)卢森贝(Д.Розенберг)著/李侠公译.-北京:三联书店,1959(1978重印) |
| 472页;20cm |
| 书名原文:История политической экономии |
| ISBN :CNY1.70 |
| ● |
| 相关链接 |
|
|
|
|
正题名:政治经济学史
索取号:F0/JY111:1
 
预约/预借
| 序号 | 登录号 | 条形码 | 馆藏地/架位号 | 状态 | 备注 |
| 1 | 7835729 | 278357298 | 学院路分馆/ [索取号:F0/JY111:1] | 在馆 |